000 00606nam a2200229Ia 4500
005 20260115173549.0
008 008 260114s9999 xx 000 0 eng d
020 _a9781839703294
037 _aEBOOK
040 _aCRL
_beng
_cCRL
041 _aeng
_2eng
084 _qCRL
100 _aHonorati/Baruffi
_9888187
245 0 _aEU Private International Law in Family Matters
260 _bCambridge University Press
260 _bIntersentia
260 _c2023
650 _aLaw
_9888188
856 _uhttps://doi.org/10.1017/9781839703294
942 _cEBOOK
999 _c1485794
_d1485794